|
|
|
|
| LEADER |
00000nam a22000007a 4500 |
| 005 |
20210702110846.0 |
| 007 |
cr|||| |||| |
| 008 |
210702s2020 co |||||s|||| 00||0 spa d |
| 020 |
|
|
|a 978-958-792-210-3
|
| 035 |
|
|
|a 33454
|
| 040 |
|
|
|a vLex
|
| 090 |
|
|
|c 11830
|d 11830
|
| 100 |
1 |
|
|a Lp̤ez Posada, Laura Marcela
|
| 245 |
1 |
0 |
|a Gerencia del talento humano
|h [Recurso electrn̤ico] /
|c Laura Marcela Lp̤ez Posada, Mercedes Parra ℓlviz, Germǹ Rubio Guerrero
|
| 256 |
|
|
|a Servicio en ln̕ea
|
| 260 |
|
|
|a Bogot:̀
|b Ediciones de la U,
|c 2020
|
| 300 |
|
|
|a 1 recurso electrn̤ico
|
| 500 |
|
|
|a Gerenciar el talento humano tiene un rol protagn̤ico en la competitividad de las organizaciones, sobre todo cuando se requiere liderar de manera responsable el talento humano, sin dejar de lado los resultados de las empresas. La gestin̤ humana implica promover prc̀ticas y procesos de talento humano incluyentes, responsables y alineados a la estrategia de la empresa y a las necesidades de sus colaboradores. Este libro de texto ofrece conceptos, herramientas, pasos y documenta algunas prc̀ticas y procesos de talento humano con el ǹimo de guiar la gestin̤ del talento humano en las organizaciones; sin embargo, es esencial que el lector (individuo, empresario, profesional, estudiante, docente) use este material con una visin̤ crt̕ica, propositiva y renovadora frente a los nuevos retos de la gestin̤ humana.
|
| 506 |
1 |
|
|a Disponible solo en los productos indicados
|d vLex Global
|d vLex Global (Academic Edition, excluding Law Schools)
|d vLex Global (U.S. Academic Edition, Law Schools)
|d vLex Global (U.S. Academic Edition, excluding Law Schools)
|d vLex Global (Academic Edition, Law Schools)
|
| 650 |
0 |
4 |
|a Administracin̤ (Management)
|z Colombia
|
| 700 |
1 |
|
|a Parra ℓlviz, Mercedes
|
| 700 |
1 |
|
|a Rubio Guerrero, Germǹ
|
| 740 |
0 |
|
|a vLex Libros (Servicio en ln̕ea)
|
| 856 |
4 |
0 |
|u https://vlex.com/source/gerencia-del-talento-humano-33454
|z Acceso restringido
|
| 942 |
|
|
|c BOOK
|
| 999 |
0 |
|
|a Management
|